000 00716nam a2200253Ia 4500
003 OSt
005 20221006143403.0
006 a|||||r|||| 00| 0
007 ta
008 221006b |||||||| |||| 00| 0 eng d
020 _a0333925408
_c160.00
024 _a8,824
037 _cTextual
040 _aEASL
_cEASL
_beng
041 _2eng
_aeng
082 _aV42:1949G.N93, N4
100 _aGUPTA S P etc. Ed.
_9649765
245 0 _aCooperation for growth prespective on Japan-South Asia relations
260 _aDelhi
_bMacmillan India Ltd.
_c1994
300 _a128p.
_ccm.
490 _v JEL
942 _hV42:1949G.N93, N4
_cTEXL
_2CC
999 _c1076910
_d1076910